[Event "First Saturday 2010 may GM"]
[Site "Budapest"]
[Date "2010.05.01"]
[Round "1"]
[White "Varga, Zoltan"]
[Black "Radovanovic, Jovi"]
[Result "1-0"]
[WhiteElo "2479"]
[BlackElo "2351"]
[PlyCount "69"]
[EventDate "2010.05.01"]

1. e4 c5 2. Nf3 d6 3. d4 cxd4 4. Nxd4 Nf6 5. f3 e5 6. Nb3 d5 7. Bg5 Be6 8. Bxf6
gxf6 9. exd5 Qxd5 10. Qxd5 Bxd5 11. Nc3 Bc6 12. Nb5 Bxb5 13. Bxb5+ Ke7 14.
O-O-O a6 15. Bd3 h5 16. Nc5 Ra7 17. Bf5 Bh6+ 18. Kb1 a5 19. c3 Rd8 20. Rxd8
Kxd8 21. Rd1+ Ke7 22. Be4 b6 23. Nb7 f5 24. Nd6 fxe4 25. Nc8+ Kf6 26. Nxa7 exf3
27. gxf3 Kf5 28. Rd8 Na6 29. Rh8 Kg6 30. Nc8 Bf4 31. h4 Nc5 32. Nxb6 Kg7 33.
Rxh5 f6 34. Nd5 Ne6 35. Rf5 1-0

[Event "First Saturday 2010 may GM"]
[Site "Budapest"]
[Date "2010.05.01"]
[Round "1"]
[White "Kovalev, Andrei"]
[Black "Szalanczy, Emil"]
[Result "1-0"]
[WhiteElo "2518"]
[BlackElo "2277"]
[PlyCount "85"]
[EventDate "2010.05.01"]

1. e4 c5 2. Nf3 d6 3. d4 cxd4 4. Nxd4 Nf6 5. Nc3 g6 6. Be2 Bg7 7. O-O Nc6 8.
Nb3 O-O 9. Kh1 Be6 10. f4 Rc8 11. Be3 Na5 12. e5 Ne8 13. Bxa7 Nc4 14. Bxc4 Bxc4
15. Re1 b6 16. Na4 Rc6 17. Nd4 Bd5 18. Qd2 Qa8 19. Nxb6 Qxa7 20. Nxd5 Rc4 21.
Nb5 Qb7 22. a4 dxe5 23. fxe5 Rh4 24. Qf2 Rxh2+ 25. Kxh2 Qxd5 26. Qe3 h5 27. Qe4
Qc5 28. b4 Qb6 29. c4 Bh6 30. a5 Qa6 31. Rad1 Ng7 32. Rd7 Qe6 33. Red1 f5 34.
Qd5 Bf4+ 35. g3 Bxe5 36. Rxe7 Qxd5 37. cxd5 Bf6 38. Re2 h4 39. gxh4 Bxh4 40.
Nd4 Nh5 41. Ne6 Ra8 42. Rd3 f4 43. Kg2 {after 6 move} 1-0

[Event "First Saturday 2010 may GM"]
[Site "Budapest"]
[Date "2010.05.01"]
[Round "1"]
[White "Munoz, Pantoja M"]
[Black "Paschall, William M"]
[Result "1/2-1/2"]
[WhiteElo "2476"]
[BlackElo "2397"]
[PlyCount "56"]
[EventDate "2010.05.01"]

1. e4 c5 2. g3 d5 3. exd5 Qxd5 4. Nf3 Nc6 5. Bg2 Qe6+ 6. Kf1 Nf6 7. d3 b6 8.
Nc3 Bb7 9. Bf4 Qd7 10. a4 e6 11. Ne5 Nxe5 12. Bxe5 a6 13. Qe2 Be7 14. Bxf6 Bxf6
15. Bxb7 Qxb7 16. Ne4 Be7 17. Qf3 Rb8 18. Kg2 O-O 19. Rhe1 Rfd8 20. Re2 Rd4 21.
b3 Qd7 22. Kg1 h6 23. Qg2 b5 24. axb5 axb5 25. Nd2 Bf6 26. Ra8 Rxa8 27. Qxa8+
Kh7 28. Qf3 Kg8 1/2-1/2

[Event "First Saturday 2010 may GM"]
[Site "Budapest"]
[Date "2010.05.02"]
[Round "2"]
[White "Radovanovic, Jovi"]
[Black "Czebe, Attila"]
[Result "1-0"]
[WhiteElo "2351"]
[BlackElo "2480"]
[PlyCount "43"]
[EventDate "2010.05.01"]

1. e4 e5 2. Nf3 Nc6 3. Bb5 Nge7 4. c3 a6 5. Ba4 g6 6. d4 exd4 7. cxd4 Bg7 8.
O-O O-O 9. Nc3 b5 10. Bb3 d6 11. h3 Na5 12. Bc2 c5 13. d5 h6 14. Re1 Bb7 15.
Rb1 Qc7 16. Ne2 f5 17. Nf4 Bc8 18. exf5 gxf5 19. Ne6 Bxe6 20. Rxe6 Kh7 21. Bf4
Nb7 22. Qd2 1-0

[Event "First Saturday 2010 may GM"]
[Site "Budapest"]
[Date "2010.05.02"]
[Round "2"]
[White "Solomon, Kenny"]
[Black "Papp, Gellert"]
[Result "1-0"]
[WhiteElo "2351"]
[BlackElo "2400"]
[PlyCount "29"]
[EventDate "2010.05.01"]

1. d4 h5 2. Nf3 h4 3. h3 a5 4. Bg5 a4 5. Bxh4 Rxh4 6. Nxh4 e5 7. g3 e4 8. e3 a3
9. b3 g5 10. Ng2 d5 11. Be2 Nc6 12. c3 Be6 13. Qd2 f5 14. g4 f4 15. exf4 1-0

[Event "First Saturday 2010 may GM"]
[Site "Budapest"]
[Date "2010.05.02"]
[Round "2"]
[White "Paschall, William M"]
[Black "Wittmann, Walter"]
[Result "0-1"]
[WhiteElo "2397"]
[BlackElo "2302"]
[PlyCount "38"]
[EventDate "2010.05.01"]

1. d4 d5 2. Nf3 Nf6 3. a3 g6 4. e3 Bg7 5. Nbd2 O-O 6. b4 Nbd7 7. c4 e5 8. dxe5
Ng4 9. Bb2 Ngxe5 10. Nxe5 Nxe5 11. c5 Nf3+ 12. gxf3 Bxb2 13. Ra2 Bg7 14. Nb3
Qh4 15. Nd4 Re8 16. Re2 Bd7 17. Qd3 a5 18. b5 Rxe3 19. Rxe3 Bxd4 0-1

[Event "First Saturday 2010 may GM"]
[Site "Budapest"]
[Date "2010.05.02"]
[Round "2"]
[White "Szalanczy, Emil"]
[Black "Munoz, Pantoja M"]
[Result "0-1"]
[WhiteElo "2277"]
[BlackElo "2476"]
[PlyCount "106"]
[EventDate "2010.05.01"]

1. e4 d5 2. exd5 Qxd5 3. Nc3 Qa5 4. d4 Nf6 5. Nf3 Nc6 6. Bb5 Bd7 7. O-O O-O-O
8. Be3 Bg4 9. Bxc6 bxc6 10. h3 Bh5 11. Qe2 Bxf3 12. Qxf3 Qa6 13. Ne4 Nxe4 14.
Qxe4 e6 15. Rfd1 Be7 16. Rd3 h5 17. Rc3 Kd7 18. b3 Qb5 19. Rc4 Qd5 20. f3 g5
21. Ra4 Ra8 22. Rd1 f5 23. Qe5 Qxe5 24. dxe5+ Kc8 25. Rc4 Kb7 26. Rd7 Rhe8 27.
Kf1 Rad8 28. Rxd8 Rxd8 29. Ke2 Rd5 30. Bd4 a5 31. g3 Bb4 32. f4 g4 33. hxg4
hxg4 34. c3 Be7 35. b4 a4 36. Bc5 Bxc5 37. bxc5 a3 38. Rb4+ Ka6 39. Rb3 Rxc5
40. Rxa3+ Kb5 41. Kd3 Rd5+ 42. Ke2 c5 43. c4+ Kxc4 44. Ra6 Rd4 45. Rxe6 Rd3 46.
Rf6 Rxg3 47. Kd2 Kd4 48. Rxf5 Rg2+ 49. Ke1 Ke3 50. Kf1 Rf2+ 51. Kg1 Rxa2 52. e6
Kf3 53. Rg5 g3 0-1

[Event "First Saturday 2010 may GM"]
[Site "Budapest"]
[Date "2010.05.02"]
[Round "2"]
[White "Varga, Zoltan"]
[Black "Kovalev, Andrei"]
[Result "1/2-1/2"]
[WhiteElo "2479"]
[BlackElo "2518"]
[PlyCount "24"]
[EventDate "2010.05.01"]

1. e4 e6 2. d4 d5 3. Nc3 Nf6 4. Bg5 dxe4 5. Nxe4 Nbd7 6. Nxf6+ Nxf6 7. Nf3 c5
8. c3 cxd4 9. Qxd4 Qxd4 10. Nxd4 Bc5 11. O-O-O O-O 12. f3 h6 1/2-1/2

[Event "First Saturday 2010 may GM"]
[Site "Budapest"]
[Date "2010.05.03"]
[Round "3"]
[White "Kovalev, Andrei"]
[Black "Radovanovic, Jovi"]
[Result "1-0"]
[WhiteElo "2518"]
[BlackElo "2351"]
[PlyCount "75"]
[EventDate "2010.05.01"]

1. e4 e5 2. Nf3 Nc6 3. Bb5 a6 4. Ba4 Nf6 5. d3 d6 6. c3 Be7 7. O-O O-O 8. Re1
b5 9. Bc2 Re8 10. a4 Bb7 11. b4 d5 12. axb5 axb5 13. Rxa8 Bxa8 14. exd5 Nxd5
15. Nxe5 Bf6 16. Nxc6 Bxc6 17. d4 Rxe1+ 18. Qxe1 Qa8 19. Na3 g6 20. Bd3 Qa4 21.
Bc2 Qa8 22. Bb3 Nb6 23. f3 Na4 24. Nc2 Bd5 25. Bxd5 Qxd5 26. Bh6 Qc6 27. Bd2
Kg7 28. Qe3 h5 29. Na3 Qd5 30. Qh6+ Kg8 31. Qf4 Bg7 32. Qe3 c6 33. Nc2 Qb3 34.
Ne1 Qd1 35. Kh1 Kf8 36. Qd3 Nb6 37. Qc2 Qa1 38. Kg1 {after 26 move} 1-0

[Event "First Saturday 2010 may GM"]
[Site "Budapest"]
[Date "2010.05.03"]
[Round "3"]
[White "Munoz, Pantoja M"]
[Black "Varga, Zoltan"]
[Result "1/2-1/2"]
[WhiteElo "2476"]
[BlackElo "2479"]
[PlyCount "102"]
[EventDate "2010.05.01"]

1. e4 d5 2. exd5 Qxd5 3. Nf3 Bg4 4. Be2 Nf6 5. d4 c6 6. h3 Bxf3 7. Bxf3 Qa5+ 8.
Nd2 e6 9. O-O Nbd7 10. Re1 Be7 11. Nc4 Qc7 12. Bg5 Nd5 13. Bxd5 cxd5 14. Bxe7
Kxe7 15. Ne3 Nf6 16. c4 Rhd8 17. c5 a5 18. Rc1 Kf8 19. Ng4 Nd7 20. Rc3 Ra6 21.
Qd2 f6 22. Qc2 Kg8 23. c6 Rxc6 24. Rxc6 Qxc6 25. Qxc6 bxc6 26. Rxe6 Rb8 27. b3
Rb4 28. Rxc6 Rxd4 29. Ne3 Rd2 30. Rc2 Rxc2 31. Nxc2 Kf7 32. Nd4 Nc5 33. a4 f5
34. Kf1 Kf6 35. Ke2 g5 36. g3 h5 37. Ke3 Kg6 38. f3 Kf6 39. Kd2 g4 40. h4 gxf3
41. Ke3 Kg6 42. Kxf3 Kf6 43. Ke3 Kg6 44. Nc6 Nxb3 45. Ne7+ Kf6 46. Nxd5+ Ke5
47. Nf4 Nc5 48. Nxh5 Nxa4 49. Nf4 Nc3 50. Nd3+ Kf6 51. Nb2 a4 1/2-1/2

[Event "First Saturday 2010 may GM"]
[Site "Budapest"]
[Date "2010.05.03"]
[Round "3"]
[White "Wittmann, Walter"]
[Black "Szalanczy, Emil"]
[Result "1-0"]
[WhiteElo "2302"]
[BlackElo "2277"]
[PlyCount "51"]
[EventDate "2010.05.01"]

1. e4 c5 2. Nf3 d6 3. Nc3 Nf6 4. e5 dxe5 5. Nxe5 a6 6. Be2 e6 7. Bf3 Be7 8. O-O
O-O 9. Re1 Ra7 10. a4 b6 11. d3 Nd5 12. Nxd5 exd5 13. d4 Be6 14. b3 a5 15. Bb2
Bf6 16. dxc5 bxc5 17. Qd2 d4 18. Ba3 Qc7 19. Qe2 Nd7 20. Nxd7 Bxd7 21. Qc4 Rc8
22. Bd5 d3 23. Bxf7+ Kf8 24. Rad1 dxc2 25. Rd5 Be7 26. Bg8 1-0

[Event "First Saturday 2010 may GM"]
[Site "Budapest"]
[Date "2010.05.03"]
[Round "3"]
[White "Papp, Gellert"]
[Black "Paschall, William M"]
[Result "1/2-1/2"]
[WhiteElo "2400"]
[BlackElo "2397"]
[PlyCount "20"]
[EventDate "2010.05.01"]

1. e4 e5 2. Nf3 Nf6 3. d4 Nxe4 4. Bd3 d5 5. dxe5 Nc5 6. Nc3 c6 7. Be2 Be7 8.
O-O Nbd7 9. Re1 O-O 10. Bf1 f6 1/2-1/2

[Event "First Saturday 2010 may GM"]
[Site "Budapest"]
[Date "2010.05.03"]
[Round "3"]
[White "Czebe, Attila"]
[Black "Solomon, Kenny"]
[Result "1-0"]
[WhiteElo "2480"]
[BlackElo "2351"]
[PlyCount "80"]
[EventDate "2010.05.01"]

1. e4 e5 2. Nf3 Nc6 3. c3 Nf6 4. d3 d5 5. Nbd2 a5 6. g3 dxe4 7. dxe4 Bc5 8. h3
O-O 9. Be2 Ne8 10. Kf1 Nd6 11. Kg2 Be6 12. Bd3 b5 13. a4 b4 14. Qe2 Rb8 15. Bb5
Bd7 16. Nc4 bxc3 17. bxc3 Nxb5 18. axb5 Rxb5 19. Ncxe5 Nxe5 20. Nxe5 Bb6 21.
Nxd7 Qxd7 22. c4 Rb3 23. Rd1 Qc6 24. Rd5 Re8 25. Bb2 Rb4 26. Rc1 f5 27. Rcd1
Rxe4 28. Qf3 Re8 29. Bxg7 Rxc4 30. Ba1 Rc2 31. Bd4 Rf8 32. Kh2 a4 33. Qf4 Rc4
34. Rd7 Bxd4 35. R1xd4 Rxd4 36. Qxd4 Qf6 37. Qc4+ Kh8 38. Qxa4 f4 39. g4 f3 40.
Qe4 Rf7 1-0

[Event "First Saturday 2010 may GM"]
[Site "Budapest"]
[Date "2010.05.04"]
[Round "4"]
[White "Paschall, William M"]
[Black "Czebe, Attila"]
[Result "1/2-1/2"]
[WhiteElo "2397"]
[BlackElo "2480"]
[PlyCount "42"]
[EventDate "2010.05.01"]

1. Nf3 d6 2. e4 Nf6 3. Nc3 c6 4. d4 b5 5. e5 dxe5 6. Nxe5 b4 7. Na4 e6 8. Bg5
Be7 9. Be2 Qa5 10. Nc5 O-O 11. Bd3 Qd8 12. Qf3 Nd5 13. Bxe7 Qxe7 14. Qh3 g6 15.
Qg3 f6 16. Nc4 e5 17. O-O-O exd4 18. Nd6 Qe5 19. Bc4 Nd7 20. Nxd7 Bxd7 21. Rhe1
Qxg3 {after 68 move} 1/2-1/2

[Event "First Saturday 2010 may GM"]
[Site "Budapest"]
[Date "2010.05.04"]
[Round "4"]
[White "Szalanczy, Emil"]
[Black "Papp, Gellert"]
[Result "1-0"]
[WhiteElo "2277"]
[BlackElo "2400"]
[PlyCount "70"]
[EventDate "2010.05.01"]

1. e4 c5 2. Nf3 d6 3. d4 cxd4 4. Nxd4 Nf6 5. Nc3 g6 6. Be3 Bg7 7. f3 Nc6 8. Bc4
O-O 9. Qd2 Bd7 10. h4 Rc8 11. Bb3 Ne5 12. h5 Nxh5 13. O-O-O Nc4 14. Bxc4 Rxc4
15. Kb1 Nf6 16. g4 Bxg4 17. fxg4 Nxg4 18. Qe2 Rxc3 19. bxc3 h5 20. Rh3 Qa5 21.
Qc4 Ne5 22. Qb4 Qa6 23. Qb5 Rc8 24. Qxa6 bxa6 25. Ne2 Nc4 26. Ka1 Na3 27. Kb2
Nb5 28. Bd4 e5 29. a4 exd4 30. axb5 dxc3+ 31. Kb3 axb5 32. Nxc3 Bxc3 33. Rxc3
Rxc3+ 34. Kxc3 h4 35. Kd2 Kg7 1-0

[Event "First Saturday 2010 may GM"]
[Site "Budapest"]
[Date "2010.05.04"]
[Round "4"]
[White "Varga, Zoltan"]
[Black "Wittmann, Walter"]
[Result "1/2-1/2"]
[WhiteElo "2479"]
[BlackElo "2302"]
[PlyCount "31"]
[EventDate "2010.05.01"]

1. c4 c5 2. Nf3 Nc6 3. d4 cxd4 4. Nxd4 Nf6 5. Nc3 e6 6. a3 Be7 7. e4 O-O 8. Be2
b6 9. Be3 Bb7 10. O-O Rc8 11. f3 Qc7 12. Rc1 Qb8 13. Nxc6 Bxc6 14. Qe1 d5 15.
cxd5 exd5 16. Ba6 1/2-1/2

[Event "First Saturday 2010 may GM"]
[Site "Budapest"]
[Date "2010.05.04"]
[Round "4"]
[White "Kovalev, Andrei"]
[Black "Munoz, Pantoja M"]
[Result "1-0"]
[WhiteElo "2518"]
[BlackElo "2476"]
[PlyCount "123"]
[EventDate "2010.05.01"]

1. e4 c5 2. Nf3 Nc6 3. Nc3 Nf6 4. Bb5 Nd4 5. e5 Nxb5 6. Nxb5 Nd5 7. O-O e6 8.
c4 Nb4 9. d4 a6 10. Nc3 cxd4 11. Ne4 Nc6 12. c5 Be7 13. Bg5 O-O 14. Bxe7 Qxe7
15. Re1 b6 16. cxb6 Rb8 17. Qb3 Qd8 18. Qd3 h6 19. Rad1 Rxb6 20. Qd2 Kh8 21. b3
d5 22. Nc5 f6 23. Nxd4 Nxe5 24. f4 Qd6 25. Na4 Nf7 26. Nxb6 Qxb6 27. Qf2 Qd6
28. Rc1 e5 29. Rc6 Qd8 30. Ne6 Bxe6 31. Rxe6 d4 32. Rxa6 exf4 33. Ra4 d3 34.
Rd4 Qa5 35. Rxd3 Ne5 36. Rdd1 g5 37. h3 Kg7 38. Re4 Rf7 39. Ra4 Qc7 40. Ra6 h5
41. Kh1 f3 42. gxf3 Qc8 43. Qf1 Nxf3 44. Rad6 g4 45. Qc4 Qf5 46. R6d5 Ne5 47.
Rf1 Qe6 48. Qe4 Qa6 49. Rg1 Kf8 50. Rd8+ Kg7 51. hxg4 hxg4 52. Rxg4+ Nxg4 53.
Qxg4+ Kh7 54. Qh3+ Kg7 55. Qh8+ Kg6 56. Rg8+ Kf5 57. Qh3+ Ke5 58. Re8+ Kd5 59.
Qf5+ Kd4 60. Re4+ Kc3 61. Rc4+ Kd2 62. Qd5+ 1-0

[Event "First Saturday 2010 may GM"]
[Site "Budapest"]
[Date "2010.05.05"]
[Round "5"]
[White "Munoz, Pantoja M"]
[Black "Radovanovic, Jovi"]
[Result "1-0"]
[WhiteElo "2476"]
[BlackElo "2351"]
[PlyCount "111"]
[EventDate "2010.05.01"]

1. e4 g6 2. g3 Bg7 3. Bg2 d6 4. Ne2 Nf6 5. O-O O-O 6. h3 e5 7. d4 Nbd7 8. c4 c6
9. Nbc3 Re8 10. Be3 a5 11. f4 exd4 12. Bxd4 a4 13. g4 Nb6 14. Qd3 Be6 15. b3
axb3 16. axb3 Rxa1 17. Rxa1 h6 18. Be3 Qc7 19. Rd1 Nc8 20. Nd4 Qa5 21. Na4 Bd7
22. Ne2 b5 23. Nac3 bxc4 24. bxc4 c5 25. Rb1 Qc7 26. Nb5 Bxb5 27. Rxb5 Na7 28.
Rb1 Nc6 29. Nc3 Nd4 30. Nb5 Nxb5 31. Rxb5 Nxe4 32. Bxe4 Qe7 33. Bd5 Qxe3+ 34.
Qxe3 Rxe3 35. Rb7 Rxh3 36. Kg2 Re3 37. Rxf7 Kh8 38. f5 gxf5 39. gxf5 Bd4 40. f6
Re5 41. Rf8+ Kh7 42. f7 Rxd5 43. cxd5 Kg7 44. Rd8 Kxf7 45. Rxd6 h5 46. Rc6 Ke7
47. Kf3 h4 48. Ke4 Bf2 49. Rh6 Bg3 50. Kd3 Kd7 51. Kc4 Bf2 52. Rf6 Bg3 53. Kxc5
h3 54. Rf7+ Ke8 55. Rh7 h2 56. d6 1-0

[Event "First Saturday 2010 may GM"]
[Site "Budapest"]
[Date "2010.05.05"]
[Round "5"]
[White "Wittmann, Walter"]
[Black "Kovalev, Andrei"]
[Result "0-1"]
[WhiteElo "2302"]
[BlackElo "2518"]
[PlyCount "78"]
[EventDate "2010.05.01"]

1. e4 c5 2. Nf3 e6 3. d4 cxd4 4. Nxd4 a6 5. Nc3 Qc7 6. Bd3 Bc5 7. Nb3 Be7 8.
Qe2 d6 9. Bd2 Nf6 10. f4 Nc6 11. g4 b5 12. a3 Bb7 13. Be3 Nd7 14. h4 Nc5 15.
Qf2 O-O 16. g5 b4 17. Ne2 bxa3 18. bxa3 Na5 19. Nxc5 dxc5 20. Nc3 Nc6 21. O-O
Nd4 22. Bxd4 cxd4 23. Ne2 Rad8 24. Ng3 f6 25. Nh5 fxg5 26. hxg5 Bxg5 27. Qg3
Bh6 28. e5 Kh8 29. Rf2 Qc6 30. Qh4 Rd7 31. Raf1 Rdf7 32. Rh2 Qc5 33. Rh3 g5 34.
Qf2 gxf4 35. Nf6 Rg7+ 36. Kh2 Qxe5 37. Rxh6 Rxf6 38. Qh4 Rg2+ 39. Kh3 Qe3+ 0-1

[Event "First Saturday 2010 may GM"]
[Site "Budapest"]
[Date "2010.05.05"]
[Round "5"]
[White "Czebe, Attila"]
[Black "Szalanczy, Emil"]
[Result "1-0"]
[WhiteElo "2480"]
[BlackElo "2277"]
[PlyCount "67"]
[EventDate "2010.05.01"]

1. d4 c5 2. d5 e6 3. e4 d6 4. Nc3 exd5 5. exd5 Nf6 6. Nf3 Be7 7. Be2 O-O 8. O-O
Na6 9. Re1 Bf5 10. Bc4 Re8 11. h3 Nb4 12. Bb3 Bf8 13. Rxe8 Qxe8 14. a3 Na6 15.
Bc4 Nc7 16. a4 h6 17. g4 Bh7 18. Bf4 a6 19. Bd3 Ne4 20. Qf1 Nxc3 21. bxc3 g6
22. c4 Qd7 23. g5 Ne8 24. gxh6 Nf6 25. Bg5 Nh5 26. Qg2 Re8 27. Qg4 f5 28. Qg2
Be7 29. Re1 Bf6 30. Rxe8+ Qxe8 31. Bxf6 Nxf6 32. Qg5 Kf7 33. Qh4 Qh8 34. a5 {
after 46 move} 1-0

[Event "First Saturday 2010 may GM"]
[Site "Budapest"]
[Date "2010.05.05"]
[Round "5"]
[White "Solomon, Kenny"]
[Black "Paschall, William M"]
[Result "1-0"]
[WhiteElo "2351"]
[BlackElo "2397"]
[PlyCount "103"]
[EventDate "2010.05.01"]

1. d4 e6 2. c4 c5 3. d5 exd5 4. cxd5 d6 5. e4 g6 6. Nf3 Bg7 7. Bd3 Nf6 8. h3
O-O 9. Nc3 b5 10. a3 Re8 11. O-O a6 12. Re1 Nbd7 13. Bf4 Qb6 14. Qd2 c4 15. Bc2
a5 16. a4 b4 17. Nb5 Bf8 18. Be3 Qd8 19. Bg5 Ba6 20. Nfd4 Qb6 21. Kh1 Bxb5 22.
Nxb5 Bg7 23. Bf4 Ne5 24. Be3 Qd8 25. Bg5 Qb6 26. Rac1 Rac8 27. Bb1 c3 28. bxc3
bxc3 29. Qe3 Qb8 30. Rxc3 Rxc3 31. Qxc3 h6 32. Be3 Rc8 33. Qxa5 Nc4 34. Qa7
Nxe3 35. Qxb8 Rxb8 36. Rxe3 Nd7 37. Bc2 Rc8 38. Re2 Be5 39. g3 g5 40. Kg2 Rc4
41. a5 Rb4 42. Na7 Nc5 43. Nc6 Rb2 44. f3 Ra2 45. Bd3 Ra3 46. Bc4 Rc3 47. Bb5
Rb3 48. a6 Ra3 49. Nxe5 dxe5 50. d6 Ne6 51. Bc4 Nc5 52. Ra2 1-0

[Event "First Saturday 2010 may GM"]
[Site "Budapest"]
[Date "2010.05.06"]
[Round "6"]
[White "Radovanovic, Jovi"]
[Black "Paschall, William M"]
[Result "1/2-1/2"]
[WhiteElo "2351"]
[BlackElo "2397"]
[PlyCount "62"]
[EventDate "2010.05.01"]

1. e4 c5 2. c3 d5 3. exd5 Qxd5 4. d4 Bf5 5. Nf3 Nc6 6. Be2 cxd4 7. cxd4 Nf6 8.
Nc3 Qa5 9. Ne5 e6 10. Bf3 Nxe5 11. dxe5 Qxe5+ 12. Be3 Bc5 13. Qa4+ Ke7 14. Qb5
Rac8 15. Bxb7 Rc7 16. Bf3 a6 17. Qe2 Bxe3 18. Qxe3 Qxe3+ 19. fxe3 Rb8 20. O-O-O
Nd7 21. e4 Bg6 22. Rd4 Ne5 23. Be2 a5 24. Rhd1 Rb4 25. a3 Rb6 26. R1d2 f5 27.
Rc2 Rbc6 28. Kd2 f4 29. Ke1 Be8 30. Rcd2 g5 31. Kf2 h6 1/2-1/2

[Event "First Saturday 2010 may GM"]
[Site "Budapest"]
[Date "2010.05.06"]
[Round "6"]
[White "Szalanczy, Emil"]
[Black "Solomon, Kenny"]
[Result "0-1"]
[WhiteElo "2277"]
[BlackElo "2351"]
[PlyCount "65"]
[EventDate "2010.05.01"]

1. e4 c5 2. Nf3 Nc6 3. d4 cxd4 4. Nxd4 Nf6 5. Nc3 e5 6. Ndb5 d6 7. Be3 a6 8.
Na3 Rb8 9. Be2 b5 10. Nab1 Be7 11. O-O O-O 12. Bf3 Bb7 13. Nd5 Nxd5 14. exd5
Na5 15. Nc3 Nc4 16. Bc1 Bg5 17. a4 b4 18. Na2 a5 19. b3 Nb6 20. c3 bxc3 21.
Nxc3 f5 22. Ba3 e4 23. Be2 Bf6 24. Rc1 Be5 25. f4 exf3 26. Bxf3 Qh4 27. g3 Qh6
28. Nb5 Kh8 29. Nc7 Bc8 30. Re1 Bd7 31. Rc2 Qg6 32. Kh1 Rfc8 33. Qd3 0-1

[Event "First Saturday 2010 may GM"]
[Site "Budapest"]
[Date "2010.05.06"]
[Round "6"]
[White "Varga, Zoltan"]
[Black "Czebe, Attila"]
[Result "1/2-1/2"]
[WhiteElo "2479"]
[BlackElo "2480"]
[PlyCount "37"]
[EventDate "2010.05.01"]

1. e4 c6 2. d4 d5 3. e5 Bf5 4. Be3 e6 5. Nd2 Nd7 6. Ngf3 Qc7 7. Nh4 Ne7 8. Be2
c5 9. c3 cxd4 10. Nxf5 Nxf5 11. cxd4 Qb6 12. O-O Be7 13. Nb3 a5 14. a4 O-O 15.
Bb5 Nxe3 16. fxe3 Nxe5 17. dxe5 Qxe3+ 18. Kh1 Qxe5 19. Rf2 1/2-1/2

[Event "First Saturday 2010 may GM"]
[Site "Budapest"]
[Date "2010.05.06"]
[Round "6"]
[White "Munoz, Pantoja M"]
[Black "Wittmann, Walter"]
[Result "1-0"]
[WhiteElo "2476"]
[BlackElo "2302"]
[PlyCount "102"]
[EventDate "2010.05.01"]

1. e4 c5 2. g3 d5 3. exd5 Qxd5 4. Nf3 Nc6 5. Bg2 Qe6+ 6. Kf1 g6 7. d3 Bg7 8.
Nc3 Nf6 9. Be3 b6 10. Qd2 Bb7 11. Bh6 O-O 12. Re1 Qd7 13. Bxg7 Kxg7 14. Qf4 Nd4
15. Nxd4 Bxg2+ 16. Kxg2 cxd4 17. Ne4 Nd5 18. Qd2 e5 19. c4 dxc3 20. bxc3 Ne7
21. f3 f6 22. Rd1 Rad8 23. Rhe1 h5 24. h4 Nf5 25. Qf2 Qc6 26. Kg1 Nd6 27. c4
Rf7 28. Nc3 Nf5 29. f4 exf4 30. Qxf4 Rd4 31. Re4 Rxe4 32. Nxe4 Rd7 33. Rd2 Qe6
34. g4 Nxh4 35. gxh5 g5 36. Qg3 Nf5 37. Qg4 Qe5 38. Rf2 Qa1+ 39. Kh2 Qe5+ 40.
Kh1 Qa1+ 41. Qg1 Qxg1+ 42. Kxg1 Nh4 43. Rxf6 Rxd3 44. h6+ Kg8 45. Re6 g4 46.
Re7 Nf5 47. Nf6+ Kf8 48. h7 Rh3 49. Rxa7 Ne7 50. Ra8+ Kg7 51. Rg8+ Kxf6 1-0

[Event "First Saturday 2010 may GM"]
[Site "Budapest"]
[Date "2010.05.07"]
[Round "7"]
[White "Wittmann, Walter"]
[Black "Radovanovic, Jovi"]
[Result "1/2-1/2"]
[WhiteElo "2302"]
[BlackElo "2351"]
[PlyCount "25"]
[EventDate "2010.05.01"]

1. e4 e5 2. Nf3 Nc6 3. Bb5 Nf6 4. O-O Nxe4 5. d4 a6 6. Bxc6 dxc6 7. Re1 Nf6 8.
Nxe5 Be7 9. Bg5 O-O 10. Nc3 Re8 11. Qf3 Be6 12. Rad1 Nd5 13. Bxe7 1/2-1/2

[Event "First Saturday 2010 may GM"]
[Site "Budapest"]
[Date "2010.05.07"]
[Round "7"]
[White "Papp, Gellert"]
[Black "Munoz, Pantoja M"]
[Result "1/2-1/2"]
[WhiteElo "2400"]
[BlackElo "2476"]
[PlyCount "102"]
[EventDate "2010.05.01"]

1. e4 c5 2. Nf3 Nc6 3. d4 cxd4 4. Nxd4 Nf6 5. Nc3 e5 6. Ndb5 d6 7. Be3 a6 8.
Na3 Rb8 9. Be2 b5 10. Nd5 Nxd5 11. exd5 Ne7 12. O-O Nf5 13. Bd2 Be7 14. c4 bxc4
15. Nxc4 O-O 16. Bd3 Nh4 17. a4 f5 18. f4 Bb7 19. Be2 Qc7 20. Be3 exf4 21. Rxf4
Bg5 22. Bb6 Qe7 23. Rxh4 Bxh4 24. Bf3 Bf6 25. Qd2 Be5 26. Re1 Qf6 27. Nxe5 dxe5
28. Bc7 Rbe8 29. d6 e4 30. d7 Rd8 31. Be2 Qc6 32. Bxd8 Rxd8 33. Qa5 Rxd7 34.
Qxf5 Rf7 35. Qe5 Qb6+ 36. Kh1 Qf2 37. Rd1 Rf8 38. Bc4+ Kh8 39. Qe7 Bd5 40. Bxa6
e3 41. Rg1 Bc6 42. h3 Re8 43. Qd6 Ba8 44. Qd7 Rb8 45. Qg4 Qxb2 46. Bd3 Qe5 47.
Rc1 Rf8 48. Rc8 Qa1+ 49. Kh2 Qe5+ 50. Kh1 Qa1+ 51. Kh2 Qe5+ 1/2-1/2

[Event "First Saturday 2010 may GM"]
[Site "Budapest"]
[Date "2010.05.07"]
[Round "7"]
[White "Solomon, Kenny"]
[Black "Varga, Zoltan"]
[Result "1/2-1/2"]
[WhiteElo "2351"]
[BlackElo "2479"]
[PlyCount "32"]
[EventDate "2010.05.01"]

1. d4 d5 2. Nf3 c6 3. c4 dxc4 4. a4 Nf6 5. e3 Be6 6. Nc3 g6 7. Be2 Bg7 8. O-O
O-O 9. e4 h6 10. Ne5 Nbd7 11. Nxc4 Bxc4 12. Bxc4 e5 13. Be3 exd4 14. Bxd4 Qc7
15. f4 Rad8 16. Qf3 Nb6 1/2-1/2

[Event "First Saturday 2010 may GM"]
[Site "Budapest"]
[Date "2010.05.07"]
[Round "7"]
[White "Paschall, William M"]
[Black "Szalanczy, Emil"]
[Result "1/2-1/2"]
[WhiteElo "2397"]
[BlackElo "2277"]
[PlyCount "30"]
[EventDate "2010.05.01"]

1. d4 c5 2. d5 e6 3. c4 exd5 4. cxd5 Nf6 5. Nc3 d6 6. Nf3 g6 7. Nd2 Bg7 8. g3
O-O 9. Bg2 a6 10. a4 Nbd7 11. O-O Rb8 12. Nc4 Ne8 13. Bf4 Qe7 14. a5 Ne5 15.
Nb6 Bd7 1/2-1/2